| 000 | 00844cab a2200253 4500 | ||
|---|---|---|---|
| 001 | ABS60218 | ||
| 008 | 090401t1999 xxu||||| |||| 00| 0 eng d | ||
| 035 | _a(Sirsi) u91536 | ||
| 041 | _aeng | ||
| 100 | _aNeaves, P. | ||
| 245 | _aPPG6 and the future politics of planning | ||
| 260 | _c1999 | ||
| 350 | _a0 | ||
| 490 |
_aProperty Week _v64(7) 19 February 1999, 36(1) |
||
| 520 | _aDespite the DETR claiming that there is no revised edition of PPG6 in the pipeline, the planning minister has stated that he intends to provide further guidance on issues concerning retail development. | ||
| 650 | _aPLANNING POLICY | ||
| 650 | _aPLANNING POLICY GUIDANCE NOTE SIX | ||
| 650 | _aRETAIL DEVELOPMENT | ||
| 650 | _aRETAIL PLANNING | ||
| 690 | _aPLANNING LAW AND PRACTICE | ||
| 700 | _aStock, G. | ||
| 942 | _n0 | ||
| 948 | _c23/02/1999 | ||
| 999 |
_c58112 _d58112 |
||